Vista normal Vista MARC

Entrada Materia (tema)

Número de registros utilizados en: 1

001 - CONTROL NUMBER

  • control field: 187875

003 - CONTROL NUMBER IDENTIFIER

  • control field: Co-BoUCM

005 - DATE AND TIME OF LATEST TRANSACTION

  • control field: 20260203090925.0

008 - FIXED-LENGTH DATA ELEMENTS

  • fixed length control field: 260203|| aca||aabn | a|a d

040 ## - CATALOGING SOURCE

  • Original cataloging agency: Co-BoUCM
  • Transcribing agency: Co-BoUCM

150 ## - HEADING--TOPICAL TERM

  • Topical term or geographic name as entry element: Sistemas de gestión

670 ## - SOURCE DATA FOUND

  • Source citation: Work cat.: (Co-BoUCM): Ararat Herrera, Jaime Andrés 187874, Implementación NTC 6001, 2024